| 000 | 00699nam a2200217 a 4500 | ||
|---|---|---|---|
| 999 |
_c1016 _d1016 |
||
| 001 | 1016 | ||
| 003 | BD-JhCC | ||
| 005 | 20171012202830.0 | ||
| 008 | 171012s1998 bg |||| |||| 000 0 ben d | ||
| 020 | _a8172155662 | ||
| 035 | _a(BD-JhCC) 1016 | ||
| 040 |
_aBD-JhCC _dBD-JhCC |
||
| 041 | _aben | ||
| 082 |
_a891.4415 _bGOS 1998 |
||
| 100 | _aগোস্বামী, জয় | ||
| 245 |
_aযারা বৃষ্টিতে ভিজেছিল / _cজয় গোস্বামী |
||
| 260 |
_aকোলকাতা: _bআনন্দ পাবলিশার্স, _c১৯৯৮ |
||
| 300 |
_a১৭০ পৃ.; _c২৪ সে.মি. |
||
| 650 | _aBengali Poetry | ||
| 942 |
_2ddc _cBK |
||